000 00727nam a2200241 i 4500
001 136606
003 ES-MaACL
005 20230906195159.0
007 t|
008 070214s1973 sp |||| | spa d
080 _a796.52(465.1)
080 _a914.651:(234.1)(026)
110 2 _aClub Deportivo Navarra.
_92861
245 1 0 _aRutas montañeras
_b: Ory-Velate.
260 _aPamplona :
_bEdiciones y Libros,
_c1973.
300 _a280 p. ;
_c17 cm.
490 1 _aColección Diario de Navarra ;
_v8
650 4 _aMontañismo-
_zPirineos (España)
_9151318
651 4 _aPirineos navarros (España)
_9151319
830 0 _aColección Diario de Navarra ;
_v8
_9187041
852 _aES-MaACL
_jC-54180
999 _c136606
_d136606